|
|
|
|
| LEADER |
01612nam a2200385 i 4500 |
| 001 |
EBC5942778 |
| 003 |
MiAaPQ |
| 005 |
20191112084026.0 |
| 006 |
m o d | |
| 007 |
cr cnu|||||||| |
| 008 |
191112s2019 enk o 000 0 eng d |
| 020 |
|
|
|z 9781789737783
|
| 020 |
|
|
|a 9781789737752 (e-book)
|
| 035 |
|
|
|a (MiAaPQ)EBC5942778
|
| 035 |
|
|
|a (Au-PeEL)EBL5942778
|
| 035 |
|
|
|a (OCoLC)1124608579
|
| 040 |
|
|
|a MiAaPQ
|b eng
|e rda
|e pn
|c MiAaPQ
|d MiAaPQ
|
| 050 |
|
4 |
|a HD84.5
|b .L343 2019
|
| 082 |
0 |
|
|a 338.9
|2 23
|
| 100 |
1 |
|
|a LaFayette, Bill,
|e author.
|
| 245 |
1 |
0 |
|a Knowledge economies and knowledge work /
|c Bill LaFayette [and three others].
|
| 264 |
|
1 |
|a Bingley, England :
|b Emerald Publishing,
|c [2019]
|
| 264 |
|
4 |
|c 2019
|
| 300 |
|
|
|a 1 online resource (301 pages).
|
| 336 |
|
|
|a text
|b txt
|2 rdacontent
|
| 337 |
|
|
|a computer
|b c
|2 rdamedia
|
| 338 |
|
|
|a online resource
|b cr
|2 rdacarrier
|
| 490 |
0 |
|
|a Working methods for knowledge management series
|
| 588 |
|
|
|a Description based on print version record.
|
| 590 |
|
|
|a Electronic reproduction. Ann Arbor, MI : ProQuest, 2018. Available via World Wide Web. Access may be limited to ProQuest affiliated libraries.
|
| 650 |
|
0 |
|a Intellectual capital
|x Economic aspects.
|
| 655 |
|
4 |
|a Electronic books.
|
| 776 |
0 |
8 |
|i Print version:
|a LaFayette, Bill.
|t Knowledge economies and knowledge work.
|d Bingley, England : Emerald Publishing, c2019
|h 301 pages
|k Working methods for knowledge management series
|z 9781789737783
|
| 797 |
2 |
|
|a ProQuest (Firm)
|
| 856 |
4 |
0 |
|u https://ebookcentral.proquest.com/lib/matrademy/detail.action?docID=5942778
|z Click to View
|